La asimetría de los tripletes de Zeeman / (Record no. 181199)

MARC details
000 -LEADER
campo de control de longitud fija 00957nam a2200217 i 4500
001 - NÚMERO DE CONTROL
campo de control 181199
003 - IDENTIFICADOR DE NÚMERO DE CONTROL
campo de control ES-MaACL
005 - FECHA Y HORA DE LA ÚLTIMA TRANSACCIÓN
campo de control 20230906221310.0
008 - DATOS DE LONGITUD FIJA--INFORMACIÓN GENERAL
campo de control de longitud fija 121031s1915 sp |||| | spa d
100 1# - ENTRADA PRINCIPAL--NOMBRE DE PERSONA
Nombre de persona Martínez-Risco y Macías, Manuel.
9 (RLIN) 78363
245 13 - MENCIÓN DEL TÍTULO
Título La asimetría de los tripletes de Zeeman /
Mención de responsabilidad, etc. por Manuel Martínez-Risco y Macías.
260 ## - PUBLICACIÓN, DISTRIBUCIÓN, ETC.
Lugar de publicación, distribución, etc. Madrid :
Nombre del editor, distribuidor, etc. Junta para Ampliación de Estudios e Investigaciones Científicas,
Fecha de publicación, distribución, etc. 1915.
300 ## - DESCRIPCIÓN FÍSICA
Extensión P. [197]-248, [1] h. de lám. :
Otras características físicas il. ;
Dimensiones 23 cm.
490 1# - MENCIÓN DE SERIE
Mención de serie Anales de la Junta para Ampliación de Estudios e Investigaciones ;
Designación de volumen o secuencia t. 15, memoria 6
504 ## - NOTA DE BIBLIOGRAFÍA, ETC.
Nota de bibliografía, etc. Bibliografía: p. [245]-247.
650 #4 - PUNTO DE ACCESO ADICIONAL DE MATERIA--TÉRMINO DE MATERIA
Término de materia o nombre geográfico como elemento de entrada Espectroscopia.
9 (RLIN) 143481
710 2# - ENTRADA AGREGADA--NOMBRE DE ENTIDAD CORPORATIVA
Nombre de entidad corporativa o nombre de jurisdicción como elemento de entrada Junta para la Ampliación de Estudios e Investigaciones Científicas.
9 (RLIN) 5413
830 0# - PUNTO DE ACCESO ADICIONAL DE SERIE-TÍTULO UNIFORME
Título uniforme Anales de la Junta para Ampliación de Estudios e Investigaciones ;
Designación de volumen o secuencia t. 15, memoria 6
9 (RLIN) 224707
852 ## - LOCALIZACIÓN
Ubicación ES-MaACL
Número de control de estantería B-13171(6)
Holdings
Estatus retirado Estado de pérdida Estado de daño No para préstamo Biblioteca de origen Biblioteca actual Ubicación en estantería Fecha de adquisición Fuente de adquisición Total de préstamos Signatura topográfica completa Código de barras Visto por última vez Precio de reemplazo Tipo de ítem Koha
        Biblioteca del Ateneo de Madrid Biblioteca del Ateneo de Madrid Sala Pardo Bazán 31/10/2012     B-13171(6) 1190417 23/02/2023 23/02/2023 Libro impreso